Piazzamenti delle Nazionali agli Europei "Austria-Svizzera 2008" - Statistics

Statistiche generali
  • Questo quiz è stato fatto 2 volte
  • Il punteggio medio è 14 su 16
Statistiche sulle risposte
Hint Risposta % Corretto
Spagna Campione
100%
Svizzera Fase a gironi
100%
Polonia Fase a gironi
100%
Grecia Fase a gironi
100%
Svezia Fase a gironi
100%
Repubblica Ceca Fase a gironi
100%
Austria Fase a gironi
100%
Romania Fase a gironi
100%
Paesi Bassi Quarti di finale
100%
Italia Quarti di finale
100%
Portogallo Quarti di finale
100%
Germania Secondo posto
100%
Turchia Semifinale
100%
Russia Semifinale
50%
Francia Fase a gironi
0%
Croazia Quarti di finale
0%
Nessun quiz corrispondente trovato
Distribuzione punteggi
Percentuale di utenti per punteggio
Percentile per numero di risposta
I tuoi punteggi nel tempo
Non hai fatto questo quiz